Canadian Capitals - Sudden Death Sprint - Statistics

General Stats
  • This quiz has been taken 61 times
  • The average score is 6 of 13
Answers on the Grid
Answers color-coded by a green-red scale on the quiz's grid according to % correct below.
Toronto
Quebec City
Fredericton
Halifax
Charlottetown
St John's
Winnipeg
Regina
Edmonton
Victoria
Whitehorse
Yellowknife
Iqaluit
Vancouver
Calgary
Sudbury
Kingston
Sherbrooke
Moncton
Yarmouth
Labrador City
Corner Brook
Cambridge Bay
Saskatoon
Churchill
Dawson City
Kelowna
Medicine Hat
Moose Jaw
Thunder Bay
 
Answer Stats
Answer % Correct
Toronto
59%
St John's
54%
Winnipeg
54%
Charlottetown
51%
Edmonton
51%
Halifax
51%
Regina
51%
Quebec City
49%
Yellowknife
49%
Whitehorse
46%
Fredericton
43%
Iqaluit
43%
Victoria
38%
No matching quizzes found
Score Distribution
Percent of People with Each Score
Percentile by Number Answered
Your Score History
You have not taken this quiz